00633nam a22002051a 450000100060000000300080000600500170001400800390003103500190007004000290008904100080011808200240012610000380015024500980018825000120028626000610029830000250035950400200038465000230040414152BD-RjUL20211208235600.0140205r1967 ilu 001 0 eng a(BD-RjUL)14204 aLCbengcLCdWUdBD-RjUL aeng04223a651.3bTEO 19671 aTerry, George R.q(George Robert)10aOffice management and control :bthe actions of administrative management /cGeorge R. Terry. a5th ed. aHomewood, Ill. :bR. D. Irwin,cc1966 [ Reprinted 1967]. axv, 793 p. ;c24 cm. aIncludes index. 0aOffice management.